[Event "Frome Open 2025"]
[Site "Selwood Academy, Frome"]
[Date "2025.05.18"]
[Round "4.16"]
[White "Davis, Lee"]
[Black "Kumar, Yuvraj"]
[Result "0-1"]
[WhiteElo "1920"]
[BlackElo "1727"]
[PlyCount "176"]
[GameId "2186070946068017"]
[EventDate "2025.05.16"]
[SourceTitle "Frome Open 2025"]
[Source "David Tipper"]
[SourceDate "2025.05.19"]
[SourceVersion "1"]
[SourceVersionDate "2025.05.19"]
[SourceQuality "1"]

1. d4 Nf6 2. c4 g6 3. Nf3 Bg7 4. g3 d6 5. Bg2 O-O 6. O-O c6 7. Nc3 Re8 8. h3 Nbd7 9. e4 e5 10. Re1 a6 11. a4 Rb8 12. Be3 Qc7 13. Rc1 Nf8 14. d5 c5 15. Nd2 Nh5 16. Nf1 Bd7 17. Qd2 f5 18. f3 Qc8 19. exf5 gxf5 20. f4 Ng6 21. Bf3 exf4 22. gxf4 Nf6 23. Qg2 Kh8 24. Kh2 Bh6 25. Qd2 Re7 26. Ne2 Bxa4 27. Bg2 Qe8 28. Kh1 Nh4 29. Neg3 Bd7 30. b4 Nxg2 31. Kxg2 b6 32. Bf2 Ne4 33. Nxe4 Rxe4 34. Ng3 Bxf4 35. Qc3+ Re5 36. bxc5 bxc5 37. Ra1 Bc8 38. Reb1 Rxb1 39. Rxb1 Kg8 40. Rb8 Qd7 41. Nh5 Bg5 42. Bxc5 Re2+ 43. Kf3 Re8 44. Bxd6 Qf7 45. Nf4 Bxf4 46. Bxf4 Qh5+ 47. Kg3 Kf7 48. Qf3 Rg8+ 49. Kf2 Qh4+ 50. Kf1 Re8 51. Qg3 Qh5 52. Rb2 Qd1+ 53. Kg2 Re2+ 54. Rxe2 Qxe2+ 55. Qf2 Qxc4 56. Qa7+ Kg8 57. Bh6 Qxd5+ 58. Kg3 Qd6+ 59. Bf4 Qg6+ 60. Kf2 Qc6 61. Qd4 Bb7 62. Be5 Qf3+ 63. Ke1 Qe4+ 64. Kf2 Qxd4+ 65. Bxd4 a5 66. Kg3 Kf7 67. Kf4 Kg6 68. Bc5 a4 69. Ba3 Be4 70. Be7 Kf7 71. Ba3 Kg6 72. Be7 Bg2 73. h4 h5 74. Ba3 Bh3 75. Ke5 Kf7 76. Bc5 Ke8 77. Kd4 Bg4 78. Kc3 f4 79. Kd3 f3 80. Kc4 Kd7 81. Kd3 Ke6 82. Bf2 Kd5 83. Kc3 Ke4 84. Bc5 Be6 85. Kb4 Bd7 86. Kc3 Kf4 87. Bf2 Kg4 88. Kd2 a3 0-1

[Event "Frome Open 2025"]
[Site "Selwood Academy, Frome"]
[Date "2025.05.18"]
[Round "4.17"]
[White "Evans, Harry"]
[Black "Hertog, Alexander"]
[Result "1/2-1/2"]
[WhiteElo "1854"]
[BlackElo "1909"]
[PlyCount "83"]
[GameId "2186078734909133"]
[EventDate "2025.05.16"]
[SourceTitle "Frome Open 2025"]
[Source "David Tipper"]
[SourceDate "2025.05.19"]
[SourceVersion "1"]
[SourceVersionDate "2025.05.19"]
[SourceQuality "1"]

{[%evp 0,42,11,21,24,32,18,12,18,13,27,56,23,10,24,-35,-16,-44,-35,-64,-65,-5,-60,-3,-19,-25,49,61,59,63,60,44,38,40,116,59,89,130,97,148,225,243,214,257,282]} 1. e4 c6 2. d4 d5 3. exd5 cxd5 4. Bd3 Nf6 5. h3 Nc6 6. c3 g6 7. Qf3 Bg7 8. Ne2 O-O 9. O-O e5 10. Bc2 e4 11. Qe3 Ne8 12. Nf4 f5 13. Nxd5 Kh8 14. Nf4 Nd6 15. Ne2 b6 16. Na3 Ba6 17. Re1 Rc8 18. Nf4 Qe8 19. Qg3 Nb5 20. Nxb5 Bxb5 21. Bb3 Na5 22. Be3 Nc4 23. Rab1 Nxe3 24. fxe3 Bc4 25. Bxc4 Rxc4 26. Rec1 Bh6 27. b3 Rc8 28. h4 Qd7 29. c4 Qc7 30. Kf2 Bxf4 31. Qxf4 Qxf4+ 32. exf4 Kg7 33. Ke3 Kf6 34. b4 h6 35. g3 Rfd8 36. c5 h5 37. a4 Ke6 38. Rd1 Rc7 39. Rbc1 Rdd7 40. a5 b5 41. a6 Kd5 42. Ra1 1/2-1/2

[Event "Frome Open 2025"]
[Site "Selwood Academy, Frome"]
[Date "2025.05.18"]
[Round "4.18"]
[White "Woozeer, Seth"]
[Black "Coffey, Anthony"]
[Result "1/2-1/2"]
[WhiteElo "1677"]
[BlackElo "1991"]
[PlyCount "83"]
[GameId "2186086194290401"]
[EventDate "2025.05.16"]
[SourceTitle "Frome Open 2025"]
[Source "David Tipper"]
[SourceDate "2025.05.19"]
[SourceVersion "1"]
[SourceVersionDate "2025.05.19"]
[SourceQuality "1"]

1. e4 e5 2. Nf3 Nc6 3. Bb5 f5 4. d3 Nf6 5. O-O Bc5 6. Nc3 O-O 7. Bc4+ Kh8 8. Bg5 h6 9. Bxf6 Qxf6 10. Nd5 Qg6 11. Nh4 Qg5 12. Nxf5 d6 13. Nxc7 Rb8 14. Be6 Qd8 15. Bxc8 Qxc7 16. Be6 Nd4 17. Nxd4 Bxd4 18. c3 Bb6 19. Bf5 g6 20. Bxg6 Rg8 21. Bf5 Qg7 22. Qf3 Rbf8 23. Kh1 d5 24. Rad1 Rf6 25. Qg3 Qe7 26. Qh3 Rg5 27. f4 exf4 28. Rxf4 Bc7 29. Rg4 Rxg4 30. Qxg4 dxe4 31. dxe4 Rd6 32. Qh5 Qh4 33. Qe8+ Kg7 34. Rg1 Rd2 35. Qg6+ Kf8 36. Bh3 Rf2 37. Qe6 Qf4 38. Qc8+ Kg7 39. Qd7+ Kf8 40. Qc8+ Kg7 41. Qd7+ Kf8 42. Qc8+ 1/2-1/2

[Event "Frome Open 2025"]
[Site "Selwood Academy, Frome"]
[Date "2025.05.18"]
[Round "5.1"]
[White "Burnett, Jim"]
[Black "Boswell, Jacob"]
[Result "1/2-1/2"]
[WhiteElo "2063"]
[BlackElo "2245"]
[PlyCount "36"]
[GameId "2186093201338901"]
[EventDate "2025.05.16"]
[SourceTitle "Frome Open 2025"]
[Source "David Tipper"]
[SourceDate "2025.05.19"]
[SourceVersion "1"]
[SourceVersionDate "2025.05.19"]
[SourceQuality "1"]

1. d4 Nf6 2. c4 g6 3. g3 Bg7 4. Bg2 c5 5. Nf3 O-O 6. Nc3 d6 7. O-O Nc6 8. b3 Bg4 9. e3 Nd7 10. Ne2 cxd4 11. exd4 e5 12. h3 Bxf3 13. Bxf3 Qe7 14. Bb2 e4 15. Bg2 f5 16. Qd2 Rae8 17. Rad1 g5 18. f4 h6 1/2-1/2

[Event "Frome Open 2025"]
[Site "Selwood Academy, Frome"]
[Date "2025.05.18"]
[Round "5.2"]
[White "Murawski, Jan"]
[Black "Arnott, Jonathan"]
[Result "1/2-1/2"]
[WhiteElo "2191"]
[BlackElo "2050"]
[PlyCount "53"]
[GameId "2186094248415771"]
[EventDate "2025.05.16"]
[SourceTitle "Frome Open 2025"]
[Source "David Tipper"]
[SourceDate "2025.05.19"]
[SourceVersion "1"]
[SourceVersionDate "2025.05.19"]
[SourceQuality "1"]

1. d4 e6 2. c4 f5 3. Nc3 Nf6 4. g3 Be7 5. Bg2 O-O 6. Nh3 d5 7. Qb3 c6 8. Nf4 Qb6 9. e3 Na6 10. Nd3 Nb4 11. Nxb4 Qxb4 12. c5 Qa5 13. O-O Qc7 14. Qc2 b6 15. b4 Ba6 16. Rd1 Ne4 17. a4 Nxc3 18. Qxc3 bxc5 19. bxc5 Rab8 20. Bd2 Rb7 21. Rdb1 Rfb8 22. Qc2 Bf6 23. Bc3 g5 24. Kh1 Qg7 25. Rg1 g4 26. f3 h5 27. Rab1 1/2-1/2

[Event "Frome Open 2025"]
[Site "Selwood Academy, Frome"]
[Date "2025.05.18"]
[Round "5.3"]
[White "Yu, Rock"]
[Black "Beaumont, Chris"]
[Result "0-1"]
[WhiteElo "2048"]
[BlackElo "2140"]
[PlyCount "118"]
[GameId "2179344377348149"]
[EventDate "2025.05.16"]
[SourceTitle "Frome Open 2025"]
[Source "David Tipper"]
[SourceDate "2025.05.19"]
[SourceVersion "1"]
[SourceVersionDate "2025.05.19"]
[SourceQuality "1"]

{[%evp 0,118,12,36,39,34,34,36,13,2,10,12,11,14,20,21,1,1,4,1,26,5,37,43,-29,17,43,27,23,6,9,-20,-6,-117,-83,-68,-77,-117,-126,-134,-115,-116,-116,-133,-106,-102,-95,-156,-114,-119,-98,-101,-101,-75,-96,-132,-139,-131,-151,-136,-125,-140,-136,-147,-110,-105,-110,-197,-128,-145,-8,-18,107,89,120,-39,71,86,112,123,183,116,56,1,1,1,290,1,-1,-1,1,-437,-526,-537,-527,-577,-614,-701,-616,-669,-563,-512,-609,-632,-623,-688,-725,-718,-491,-476,-485,-558,-565,-627,-656,-646,-655,-29997,-29998,-29999,-29999]} 1. Nf3 g6 2. c4 Bg7 3. Nc3 c5 4. g3 Nc6 5. Bg2 e5 6. O-O Nge7 7. d3 O-O 8. Ne1 d6 9. Nc2 Rb8 10. Rb1 a5 11. a3 Be6 12. b4 b6 13. bxa5 bxa5 14. Bd2 Qd7 15. Nd5 a4 16. e3 Rxb1 17. Qxb1 Rb8 18. Qa2 e4 19. d4 cxd4 20. exd4 Nxd4 21. Nxd4 Bxd4 22. Be3 Be5 23. Nxe7+ Qxe7 24. Qc2 Rc8 25. Qxa4 Rxc4 26. Qa8+ Qf8 27. Qa5 h5 28. Rb1 d5 29. Bf1 Rc3 30. a4 Qd6 31. Rb6 Qc7 32. Qb4 Qd8 33. Bd2 Rc8 34. a5 Rb8 35. Be3 Rxb6 36. Bxb6 Bc7 37. Ba6 Qb8 38. Qc5 Bd6 39. Qc6 Kh7 40. Bb7 Qh8 41. Qxd6 Qa1+ 42. Kg2 Bg4 43. Qf4 Bf3+ 44. Kh3 Bg4+ 45. Kh4 f6 46. Qxg4 hxg4 47. Kxg4 Qd1+ 48. Kh3 Qf1+ 49. Kg4 Qd1+ 50. Kh3 Qf1+ 51. Kg4 Qb5 52. Bc8 Qe8 53. Ba6 Qe5 54. Kh3 d4 55. Bf1 Qh5+ 56. Kg2 Qf3+ 57. Kg1 e3 58. Bxd4 Qxf2+ 59. Kh1 Qxf1# 0-1

[Event "Frome Open 2025"]
[Site "Selwood Academy, Frome"]
[Date "2025.05.18"]
[Round "5.4"]
[White "Hayward, Philip"]
[Black "White, Stuart"]
[Result "1/2-1/2"]
[WhiteElo "2013"]
[BlackElo "2059"]
[PlyCount "111"]
[GameId "2186098229125315"]
[EventDate "2025.05.16"]
[SourceTitle "Frome Open 2025"]
[Source "David Tipper"]
[SourceDate "2025.05.19"]
[SourceVersion "1"]
[SourceVersionDate "2025.05.19"]
[SourceQuality "1"]

1. c4 c6 2. g3 d5 3. Nf3 Nf6 4. Bg2 dxc4 5. O-O Nbd7 6. Na3 Nb6 7. Qc2 Be6 8. Ne5 h5 9. Naxc4 Nxc4 10. Nxc4 h4 11. Ne5 hxg3 12. hxg3 Qd4 13. Qc3 Qd6 14. d4 Rd8 15. Qc2 Qxd4 16. Bf4 Nd7 17. Rfd1 Qc5 18. Qxc5 Nxc5 19. Be3 Rh5 20. f4 Nd7 21. g4 Rh4 22. Bf2 Rh6 23. g5 Rh8 24. Nxd7 Rxd7 25. Bxa7 Bg4 26. Rxd7 Kxd7 27. Bb6 e5 28. fxe5 Be7 29. Rd1+ Ke6 30. Rd4 Bf5 31. a4 Bxg5 32. Kf2 Be7 33. b4 Kxe5 34. b5 Rh4 35. e3 cxb5 36. axb5 Be4 37. Rxe4+ Rxe4 38. Bd4+ Kf5 39. Bxe4+ Kxe4 40. Bxg7 Bc5 41. Bh6 Kd3 42. Kf3 Kc4 43. Ke4 Kxb5 44. Kd5 Be7 45. e4 Ka4 46. e5 b5 47. e6 fxe6+ 48. Kxe6 Ba3 49. Bd2 Bb4 50. Bg5 Bc3 51. Be7 Kb3 52. Kd5 Bb4 53. Bg5 Bf8 54. Kc6 Ka4 55. Bd2 Bb4 56. Bg5 1/2-1/2

[Event "Frome Open 2025"]
[Site "Selwood Academy, Frome"]
[Date "2025.05.18"]
[Round "5.5"]
[White "Jukes, Sam"]
[Black "Zhang, Junyi"]
[Result "1/2-1/2"]
[WhiteElo "1975"]
[BlackElo "2109"]
[PlyCount "70"]
[GameId "2186100138209779"]
[EventDate "2025.05.16"]
[SourceTitle "Frome Open 2025"]
[Source "David Tipper"]
[SourceDate "2025.05.19"]
[SourceVersion "1"]
[SourceVersionDate "2025.05.19"]
[SourceQuality "1"]

1. e4 c5 2. Nf3 e6 3. d4 cxd4 4. Nxd4 Nf6 5. Nc3 Nc6 6. Nxc6 bxc6 7. e5 Nd5 8. Ne4 Qc7 9. f4 Qb6 10. c4 Bb4+ 11. Ke2 f5 12. exf6 Nxf6 13. Nxf6+ gxf6 14. Be3 Bc5 15. Bxc5 Qxc5 16. Kf3 a5 17. Qd3 Ba6 18. Qe3 Qxe3+ 19. Kxe3 Ke7 20. Bd3 h5 21. g3 h4 22. g4 Rhg8 23. h3 c5 24. b3 Rab8 25. f5 Bb7 26. Rhg1 e5 27. Be4 Bxe4 28. Kxe4 d6 29. Rgd1 Rb6 30. Rd3 Rgb8 31. Rb1 a4 32. Kd5 Kd7 33. Rb2 Re8 34. Ke4 Reb8 35. Kd5 Re8 1/2-1/2

[Event "Frome Open 2025"]
[Site "Selwood Academy, Frome"]
[Date "2025.05.18"]
[Round "5.6"]
[White "Ashworth, Michael"]
[Black "Shepherd, Tom"]
[Result "1/2-1/2"]
[WhiteElo "2041"]
[BlackElo "1945"]
[PlyCount "61"]
[GameId "2186105204441598"]
[EventDate "2025.05.16"]
[SourceTitle "Frome Open 2025"]
[Source "David Tipper"]
[SourceDate "2025.05.19"]
[SourceVersion "1"]
[SourceVersionDate "2025.05.19"]
[SourceQuality "1"]

1. d4 d5 2. c4 dxc4 3. Nf3 Nf6 4. e3 e6 5. Bxc4 Be7 6. O-O O-O 7. Nc3 c5 8. dxc5 Qxd1 9. Rxd1 Bxc5 10. a3 Nbd7 11. b4 Be7 12. Bb2 a6 13. b5 Nb6 14. Bb3 Bd7 15. bxa6 Rxa6 16. Ne5 Ba4 17. Nxa4 Nxa4 18. Bxa4 Rxa4 19. Nd7 Rd8 20. Nxf6+ Bxf6 21. Bxf6 Rxd1+ 22. Rxd1 gxf6 23. Rd3 b5 24. Rb3 b4 25. Rxb4 Rxa3 26. g4 Kg7 27. Kg2 Ra5 28. h4 h6 29. Rf4 Rb5 30. Kg3 Ra5 31. Kh3 1/2-1/2

[Event "Frome Open 2025"]
[Site "Selwood Academy, Frome"]
[Date "2025.05.18"]
[Round "5.7"]
[White "Morrison, Joseph"]
[Black "Hill, Andy"]
[Result "1-0"]
[WhiteElo "1743"]
[BlackElo "1996"]
[PlyCount "75"]
[GameId "2186106244637188"]
[EventDate "2025.05.16"]
[SourceTitle "Frome Open 2025"]
[Source "David Tipper"]
[SourceDate "2025.05.19"]
[SourceVersion "1"]
[SourceVersionDate "2025.05.19"]
[SourceQuality "1"]

1. d4 Nf6 2. c4 g6 3. Nc3 Bg7 4. e4 d6 5. Nf3 O-O 6. Be2 Nbd7 7. O-O e5 8. Be3 Qe7 9. Qc2 exd4 10. Nxd4 c6 11. Rab1 Re8 12. f3 a6 13. Rfd1 h6 14. Bf2 Ne5 15. b4 g5 16. Nb3 Nh5 17. g3 Qf6 18. Kg2 Qe6 19. Na4 Qh3+ 20. Kh1 Qe6 21. Nb6 Rb8 22. c5 dxc5 23. bxc5 Qf6 24. Nxc8 Rbxc8 25. Kg2 Bf8 26. Na5 Re6 27. Nxb7 Rce8 28. Bd4 Qg6 29. Na5 Nf6 30. Rb6 Nfd7 31. Rxa6 h5 32. Nb3 Qh7 33. Be3 Nb8 34. Ra7 Be7 35. Nd4 Rg6 36. Nf5 Bf6 37. Qb3 Rg7 38. Ra8 1-0

[Event "Frome Open 2025"]
[Site "Selwood Academy, Frome"]
[Date "2025.05.18"]
[Round "5.8"]
[White "Kumar, Yuvraj"]
[Black "Helbig, Paul"]
[Result "1/2-1/2"]
[WhiteElo "1727"]
[BlackElo "2086"]
[PlyCount "99"]
[GameId "2186111235863138"]
[EventDate "2025.05.16"]
[SourceTitle "Frome Open 2025"]
[Source "David Tipper"]
[SourceDate "2025.05.19"]
[SourceVersion "1"]
[SourceVersionDate "2025.05.19"]
[SourceQuality "1"]

{[%evp 0,74,17,22,-12,16,32,27,27,27,22,36,22,25,19,15,13,14,27,13,9,-37,-8,-67,-70,-82,-33,-70,28,-69,-75,-5,-83,-82,-58,-27,-57,70,-58,-94,104,14,-69,-75,82,-105,-123,-108,-84,-128,-109,-133,-116,-126,-135,-110,-130,-112,-117,-50,-109,-160,-47,-4,-12,-18,-81,-73,-15,-80,-24,-7,-33,-28,-26,-14,-18]} 1. e4 e5 2. Nf3 Nf6 3. Nxe5 d6 4. Nf3 Nxe4 5. Nc3 Nxc3 6. dxc3 Be7 7. Be3 O-O 8. Qd2 Nc6 9. Bd3 Ne5 10. O-O-O Nxd3+ 11. cxd3 c5 12. h4 Qa5 13. Kb1 Be6 14. c4 Qxd2 15. Rxd2 h6 16. b3 Bf5 17. Kc1 a6 18. Re1 Bf6 19. Rg1 h5 20. d4 b5 21. Bg5 Bxg5 22. Nxg5 bxc4 23. dxc5 cxb3 24. axb3 Rfc8 25. Rxd6 Rxc5+ 26. Kb2 Rc2+ 27. Ka3 Rxf2 28. Rgd1 g6 29. R1d2 Rf1 30. Rf6 Rb8 31. Rxf7 Rb1 32. Rb2 Ra1+ 33. Ra2 Rxa2+ 34. Kxa2 Rb4 35. g3 Rg4 36. Ra7 Rxg3 37. Rxa6 Rg4 38. Ra4 Kg7 39. Kb2 Kf6 40. Nf3 Rxa4 41. bxa4 Be4 42. Ng5 Bd5 43. Kc3 Kf5 44. Kd4 Bb7 45. Ke3 Kg4 46. Nf7 Kxh4 47. Kf4 Kh3 48. Ne5 g5+ 49. Kxg5 Kg3 50. Ng6 1/2-1/2

[Event "Frome Open 2025"]
[Site "Selwood Academy, Frome"]
[Date "2025.05.18"]
[Round "5.9"]
[White "Ogunshola, Olugbemiga"]
[Black "Lopatko, Vasyl"]
[Result "1-0"]
[WhiteElo "2050"]
[BlackElo "1933"]
[PlyCount "59"]
[GameId "2186113301808590"]
[EventDate "2025.05.16"]
[SourceTitle "Frome Open 2025"]
[Source "David Tipper"]
[SourceDate "2025.05.19"]
[SourceVersion "1"]
[SourceVersionDate "2025.05.19"]
[SourceQuality "1"]

{[%evp 0,33,17,25,16,11,24,15,-7,14,11,7,6,2,10,6,-2,3,33,19,50,33,59,7,11,12,-15,28,64,22,27,29,46,54,41,28]} 1. c4 c5 2. Nc3 g6 3. g3 Bg7 4. Bg2 Nc6 5. a3 Nf6 6. Rb1 a5 7. Nf3 O-O 8. O-O e5 9. d3 h6 10. Ne1 Nd4 11. e3 Nc6 12. b3 d6 13. Nc2 Rb8 14. Bb2 Bf5 15. Qd2 Ne8 16. Ba1 Qd7 17. Rfe1 Nc7 18. b4 axb4 19. axb4 b6 20. Rb3 b5 21. cxb5 cxb4 22. Bxc6 bxc3 23. Bxc3 Qe6 24. Reb1 d5 25. Ba5 Rfc8 26. e4 Bg4 27. Bxc7 Rxc7 28. exd5 Qd6 29. Qb4 Qf6 30. Qxg4 1-0

[Event "Frome Open 2025"]
[Site "Selwood Academy, Frome"]
[Date "2025.05.18"]
[Round "5.10"]
[White "Davis, Colin"]
[Black "Hu, Junyan"]
[Result "1-0"]
[WhiteElo "1953"]
[BlackElo "1961"]
[PlyCount "115"]
[GameId "2186119191111752"]
[EventDate "2025.05.16"]
[SourceTitle "Frome Open 2025"]
[Source "David Tipper"]
[SourceDate "2025.05.19"]
[SourceVersion "1"]
[SourceVersionDate "2025.05.19"]
[SourceQuality "1"]

1. Nf3 Nf6 2. b3 d5 3. Bb2 c5 4. e3 Nc6 5. Bb5 Bd7 6. c4 a6 7. Bxc6 Bxc6 8. Ne5 d4 9. Nxc6 bxc6 10. Qf3 Rc8 11. O-O e6 12. Na3 Bd6 13. Nc2 e5 14. d3 O-O 15. b4 Qb6 16. Rab1 Rb8 17. exd4 exd4 18. g3 a5 19. bxc5 Bxc5 20. Bxd4 Qxb1 21. Rxb1 Rxb1+ 22. Kg2 Bxd4 23. Nxd4 c5 24. Nb3 Rb2 25. Nxa5 Rxa2 26. Nb7 Rc8 27. Qf5 Rc6 28. h3 g6 29. Qe5 Re6 30. Qxc5 Rd2 31. Qa7 Re7 32. Qb8+ Kg7 33. Nc5 Nd7 34. Qd6 Ree2 35. Qd4+ Nf6 36. g4 h6 37. Nb3 Rb2 38. Kf3 Rec2 39. Nc5 Rb6 40. Ne4 Re6 41. c5 Ra2 42. Qc3 Raa6 43. Kg3 Kh7 44. Nxf6+ Rxf6 45. d4 Ra2 46. f3 Re6 47. c6 Ree2 48. c7 g5 49. Qd3+ f5 50. Qxf5+ Kg7 51. Qd7+ Kg6 52. Qd6+ Kg7 53. h4 Rac2 54. c8=Q gxh4+ 55. Kxh4 Rxc8 56. Qd7+ Kg6 57. Qxc8 Rh2+ 58. Kg3 1-0

[Event "Frome Open 2025"]
[Site "Selwood Academy, Frome"]
[Date "2025.05.18"]
[Round "5.11"]
[White "Walsh, Jordan"]
[Black "Thurlow, Kevin"]
[Result "1/2-1/2"]
[WhiteElo "1615"]
[BlackElo "1957"]
[PlyCount "86"]
[GameId "2186119794206891"]
[EventDate "2025.05.16"]
[SourceTitle "Frome Open 2025"]
[Source "David Tipper"]
[SourceDate "2025.05.19"]
[SourceVersion "1"]
[SourceVersionDate "2025.05.19"]
[SourceQuality "1"]

1. d4 Nf6 2. Nf3 e6 3. c4 b6 4. a3 Bb7 5. Nc3 Be7 6. Qc2 d5 7. cxd5 exd5 8. e3 O-O 9. Bd3 Nbd7 10. O-O c5 11. dxc5 bxc5 12. Rd1 Qb6 13. b4 cxb4 14. axb4 Bxb4 15. Ba3 a5 16. Na4 Qd6 17. Bxb4 axb4 18. Nd4 Rfc8 19. Qb3 Ba6 20. Bxa6 Rxa6 21. Nb2 Ra3 22. Rxa3 bxa3 23. Nd3 Rb8 24. Qa2 Ne4 25. Qa1 Ra8 26. Nf5 Qf6 27. Qxf6 Ndxf6 28. Ra1 Nd2 29. Nb4 Kf8 30. f3 Ra4 31. Na2 g6 32. Nd4 Nd7 33. Nc3 Ra5 34. Ndb5 Nc4 35. Nd4 Ndb6 36. Nb3 Ra8 37. Kf2 Ke7 38. Ra2 f5 39. Na1 Kd6 40. Nc2 Kc5 41. Nb1 Na4 42. Nbxa3 Nc3 43. Ra1 Nxa3 1/2-1/2

[Event "Frome Open 2025"]
[Site "Selwood Academy, Frome"]
[Date "2025.05.18"]
[Round "5.12"]
[White "Ponting, Andrew"]
[Black "Pugh, Derek C"]
[Result "0-1"]
[WhiteElo "1910"]
[BlackElo "2026"]
[PlyCount "51"]
[GameId "2186279612798998"]
[EventDate "2025.05.16"]
[SourceTitle "Frome Open 2025"]
[Source "David Tipper"]
[SourceDate "2025.05.19"]
[SourceVersion "1"]
[SourceVersionDate "2025.05.19"]
[SourceQuality "1"]

1. d4 Nc6 2. Nc3 e5 3. d5 Nce7 4. e4 Ng6 5. g3 Bc5 6. Na4 Bb4+ 7. c3 Be7 8. h4 Nf6 9. h5 Nf8 10. Be2 Nxe4 11. Qc2 Nf6 12. c4 d6 13. f4 c6 14. fxe5 dxe5 15. Nf3 e4 16. Nd2 cxd5 17. cxd5 Qxd5 18. Nc3 Qe5 19. Ndxe4 Ne6 20. Bb5+ Kf8 21. Bd3 Nxh5 22. Qf2 Nc5 23. Bc4 Nf6 24. Bf4 Ncxe4 25. Bxe5 Nxf2 26. Kxf2 0-1

[Event "Frome Open 2025"]
[Site "Selwood Academy, Frome"]
[Date "2025.05.18"]
[Round "5.13"]
[White "Pleasants, Allan"]
[Black "Evans, Harry"]
[Result "0-1"]
[WhiteElo "1977"]
[BlackElo "1854"]
[PlyCount "75"]
[GameId "2186281278232913"]
[EventDate "2025.05.16"]
[SourceTitle "Frome Open 2025"]
[Source "David Tipper"]
[SourceDate "2025.05.19"]
[SourceVersion "1"]
[SourceVersionDate "2025.05.19"]
[SourceQuality "1"]

1. e4 c6 2. c4 d5 3. cxd5 cxd5 4. exd5 Nf6 5. Bb5+ Bd7 6. Bc4 g6 7. Nc3 Bg7 8. Nf3 O-O 9. O-O Bg4 10. h3 Bxf3 11. Qxf3 Nbd7 12. Re1 Ne8 13. d3 Rc8 14. Bd2 Nd6 15. Bb3 a6 16. g4 Ne5 17. Qe2 Re8 18. Bf4 Nd7 19. Rac1 Nc5 20. Qd1 b5 21. Ne4 Ncxe4 22. Rxc8 Qxc8 23. dxe4 Bxb2 24. e5 Nc4 25. Re2 Bc3 26. Qd3 Nb2 27. Qe4 a5 28. e6 fxe6 29. dxe6 Bg7 30. h4 Qc3 31. Rc2 Qd3 32. Qc6 Rf8 33. Bg3 Bd4 34. Kh2 a4 35. Bd5 Nc4 36. Be4 Qd1 37. Qd5 Nd2 38. Rc7 0-1

[Event "Frome Open 2025"]
[Site "Selwood Academy, Frome"]
[Date "2025.05.18"]
[Round "5.14"]
[White "Coffey, Anthony"]
[Black "McGeeney, David"]
[Result "1-0"]
[WhiteElo "1991"]
[BlackElo "1660"]
[PlyCount "59"]
[GameId "2186283802407221"]
[EventDate "2025.05.16"]
[SourceTitle "Frome Open 2025"]
[Source "David Tipper"]
[SourceDate "2025.05.19"]
[SourceVersion "1"]
[SourceVersionDate "2025.05.19"]
[SourceQuality "1"]

1. Nf3 Nf6 2. d4 d5 3. c4 c6 4. Nc3 Bf5 5. cxd5 cxd5 6. Qb3 Bc8 7. Bg5 e6 8. e3 Be7 9. Bd3 Nbd7 10. O-O Qb6 11. Qc2 h6 12. Bh4 Bd6 13. Nb5 O-O 14. Nxd6 Qxd6 15. Bg3 Qc6 16. Rac1 Qxc2 17. Rxc2 Nh5 18. Bd6 Re8 19. Rfc1 Nb6 20. Ne5 Bd7 21. Rc7 Rac8 22. Nxd7 Rxc7 23. Rxc7 Nxd7 24. Rxd7 Rc8 25. Rc7 Rxc7 26. Bxc7 a6 27. Kf1 Kf8 28. Be5 f6 29. Bd6+ Kf7 30. g4 1-0

[Event "Frome Open 2025"]
[Site "Selwood Academy, Frome"]
[Date "2025.05.18"]
[Round "5.15"]
[White "Adaway, William"]
[Black "Davis, Lee"]
[Result "1/2-1/2"]
[WhiteElo "1892"]
[BlackElo "1920"]
[PlyCount "60"]
[GameId "2186285715171237"]
[EventDate "2025.05.16"]
[SourceTitle "Frome Open 2025"]
[Source "David Tipper"]
[SourceDate "2025.05.19"]
[SourceVersion "1"]
[SourceVersionDate "2025.05.19"]
[SourceQuality "1"]

1. Nf3 g6 2. e4 d6 3. d4 Bg7 4. Bd3 Nd7 5. O-O e5 6. dxe5 Nxe5 7. Nxe5 dxe5 8. Bb5+ Bd7 9. Bxd7+ Qxd7 10. Qxd7+ Kxd7 11. Rd1+ Ke7 12. Bg5+ f6 13. Be3 b6 14. Nc3 c6 15. a4 Bh6 16. Bxh6 Nxh6 17. a5 Rhd8 18. Rxd8 Rxd8 19. axb6 axb6 20. Ra6 Rd2 21. Rxb6 Rxc2 22. f3 Kd6 23. Rb7 Ng8 24. Kf1 Ne7 25. Nd1 f5 26. Ne3 Rc1+ 27. Ke2 f4 28. Nf1 g5 29. Rb3 Kc7 30. Rc3 Rxc3 1/2-1/2

[Event "Frome Open 2025"]
[Site "Selwood Academy, Frome"]
[Date "2025.05.18"]
[Round "5.16"]
[White "Hertog, Alexander"]
[Black "Woozeer, Seth"]
[Result "1-0"]
[WhiteElo "1909"]
[BlackElo "1677"]
[PlyCount "85"]
[GameId "2186286910830509"]
[EventDate "2025.05.16"]
[SourceTitle "Frome Open 2025"]
[Source "David Tipper"]
[SourceDate "2025.05.19"]
[SourceVersion "1"]
[SourceVersionDate "2025.05.19"]
[SourceQuality "1"]

1. d4 Nf6 2. c4 g6 3. Nf3 Bg7 4. g3 O-O 5. Bg2 d6 6. O-O Nbd7 7. Nc3 e5 8. e4 h6 9. Re1 Ne8 10. d5 a5 11. Qc2 b6 12. b3 Nc5 13. Bb2 Bg4 14. Nd2 Qd7 15. a3 Bh3 16. Ne2 Bxg2 17. Kxg2 f5 18. f3 Nf6 19. h3 h5 20. b4 Na6 21. Bc3 a4 22. f4 Rae8 23. fxe5 dxe5 24. Ng1 Nxe4 25. Nxe4 fxe4 26. Qxe4 Rf5 27. Rf1 Ref8 28. Rxf5 Rxf5 29. Rf1 Rxf1 30. Kxf1 Qf5+ 31. Qxf5 gxf5 32. Nf3 e4 33. Bxg7 Kxg7 34. Nd4 Kf6 35. Kf2 Ke5 36. Nc6+ Kf6 37. h4 f4 38. gxf4 Kf5 39. Ke3 Kg4 40. Kxe4 Kxh4 41. Kf3 Nc5 42. bxc5 bxc5 43. Ne5 1-0